| 000 | 00710nam a2200205 a 4500 | ||
|---|---|---|---|
| 001 | 000019926 | ||
| 005 | 20200929170207.0 | ||
| 008 | 100709s1989 cu a r 000 p spa d | ||
| 040 |
_aDO-SdBNP _bspa _cBNPHU |
||
| 082 |
_aV861.44 _bF596v |
||
| 100 | 1 |
_aFleites, Alex, _d1954- _942495 |
|
| 245 | 1 | 3 |
_aDe vital importancia / _cAlex Fleites ; edición Víctor Joaquín Ortega Izquierdo. |
| 260 |
_aLa Habana : _bEditora Abril, _c1989. |
||
| 300 |
_a93 p. : _bil. ; _c19 cm. |
||
| 500 | _aIncluye referencia biográfica del autor en la contracubierta. | ||
| 650 | 4 |
_aPoesía venezolana _94230 |
|
| 650 | 4 |
_aLiteratura venezolana _93816 |
|
| 700 | 1 |
_aOrtega Izquierdo, Víctor Joaquín, _eed. _942496 |
|
| 049 | _aBNGR | ||
| 999 |
_c19439 _d19439 |
||